000 00617cam a22002293a 4500
001 26500
003 PGUSA
005 20140828083554.0
008 080901s2008||||xxu|||||s|||||000 | eng d
040 _aPGUSA
_beng
042 _adc
050 4 _aQL
100 1 _aJesse, Edward,
_d1780-1868
245 1 0 _aAnecdotes of Dogs
_h[electronic resource] /
_cEdward Jesse
260 _bProject Gutenberg,
_c2008
506 _aPublic domain in the USA.
516 _aElectronic text
653 _aDogs -- Folklore
830 0 _aProject Gutenberg
_v26500
856 4 0 _uhttp://www.gutenberg.org/ebooks/26500
942 _cEB
999 _c255755
_d255755